000 00594cab a22001935a 4500
001 L154303
008 111110s2011 xxk 000 0 eng d
035 _a(Sirsi) u154303
041 0 _aeng
100 1 _aGriffiths, Lee
245 0 0 _aRent insurance
_ba landlord necessity?
260 _c2011
490 _aLetting Update Journal
_v19(3) October 2011, 17-19(3)
520 _aLooks at a range of insurance products available for landlords requiring rent insurance.
590 _aKA
651 4 _aUnited Kingdom
_y
690 _aPROPERTY-LEASEHOLD PROPERTY-LANDLORD AND TENANT
942 _n0
999 _c83564
_d83564